| 000 | 00612nam a22001817a 4500 | ||
|---|---|---|---|
| 999 |
_c61354 _d61354 |
||
| 005 | 20240222123223.0 | ||
| 008 | 240222s2006 enk||||| |||| 00| 0 eng d | ||
| 020 | _a9781405122849x | ||
| 041 | _aeng | ||
| 080 | _a821.111.1 L-81 | ||
| 100 |
_aLittlewood, Ian _921268 |
||
| 245 |
_aThe Literature Student's Survival Kit: _bWhat Every Reader Needs to Know / _c Ian Littlewood. |
||
| 264 |
_aMalden : _bBlackwell, _c2006. |
||
| 300 |
_a298 p.; _bill. _c23 cm. |
||
| 521 | _aნაჩუქარი | ||
| 653 | _aლიტერატურა სტუდენტებისათვის | ||
| 942 |
_2udc _cBK |
||